| 000 | 00614nam a2200229 a 4500 | ||
|---|---|---|---|
| 005 | 20210219153355.0 | ||
| 008 | 991125n 000 0 fre u | ||
| 035 | _aUPN01000094859 | ||
| 100 | _aLEGRAND, J. | ||
| 222 | _aEDUCATION ET DEVELOPPMENT | ||
| 245 | _aPropos sur l`adoption nos enfants nous et les autres | ||
| 300 | _a9-17 | ||
| 362 | _a1968 Año 4, no. 39, jul.-ago. | ||
| 653 | 0 | _aADOPCION | |
| 653 | 0 | _aNIÑO ADOPTIVO | |
| 653 | 0 | _aNIÑOS | |
| 653 | 0 | _aPADRES ADOPTIVOS | |
| 653 | 0 | _aPOLITICA GUBERNAMENTAL | |
| 700 | _aLEGRAND, G., coaut. | ||
| 904 |
_aAC _b032670 |
||
| 905 | _aArticulo | ||
| 999 |
_c75228 _d75228 |
||